[Event "M.Botvinnik Memorial 2012"]
[Site "St. Petersburg, Russia"]
[Date "2012.08.31"]
[Round "7.79"]
[White "Klukin, Kirill"]
[Black "Pischikov, Vadim"]
[Result "1/2-1/2"]
[WhiteElo "2025"]
[BlackElo "2158"]
[PlyCount "103"]
[EventDate "2012.08.25"]

1. d4 Nf6 2. c4 c5 3. d5 e5 4. Nc3 d6 5. e4 Nbd7 6. g3 g6 7. Bg2 Bg7 8. Nge2
O-O 9. O-O Ne8 10. Qc2 f5 11. f4 Nb6 12. fxe5 dxe5 13. b3 Nd6 14. Be3 Nd7 15.
Rab1 b6 16. a3 Nf6 17. Bg5 Qe8 18. Bxf6 Bxf6 19. Rbe1 Bg5 20. Qd3 Bd7 21. a4
Qe7 22. exf5 gxf5 23. Nb5 Bxb5 24. axb5 Qg7 25. Kh1 a6 26. bxa6 Rxa6 27. Nc3 e4
28. Qc2 Qe5 29. g4 e3 30. gxf5 Ra3 31. Nb5 Nxb5 32. cxb5 Rf6 33. h3 Ra7 34. Qe4
Qxe4 35. Bxe4 Kf7 36. Re2 Re7 37. Bd3 Re5 38. Rg1 Bh6 39. Rg4 Ke7 40. Be4 Kd6
41. Kg2 Re8 42. Ra2 Rxf5 43. Bxf5 e2 44. Ra1 e1=Q 45. Rxe1 Rxe1 46. Bxh7 Kxd5
47. Bg8+ Ke5 48. Kf2 Re4 49. Rxe4+ Kxe4 50. Kg3 Kf5 51. Bc4 Bd2 52. h4 1/2-1/2

[Event "M.Botvinnik Memorial 2012"]
[Site "St. Petersburg, Russia"]
[Date "2012.08.31"]
[Round "7.80"]
[White "Van Den Ouden, Lendert"]
[Black "Kukhmazov, Arsen"]
[Result "1-0"]
[WhiteElo "2000"]
[BlackElo "2154"]
[PlyCount "45"]
[EventDate "2012.08.25"]

1. d4 e6 2. Nf3 f5 3. c4 b6 4. g3 Bb7 5. Bg2 Bb4+ 6. Bd2 Bxd2+ 7. Qxd2 Nf6 8.
Nc3 d6 9. d5 e5 10. Ng5 Bc8 11. Ne6 Bxe6 12. dxe6 c6 13. Rd1 Ke7 14. Nb5 h6 15.
Nxd6 Kxe6 16. Qc2 e4 17. Nxf5 Qc7 18. Bxe4 Qe5 19. Nd4+ Kf7 20. Bg2 Rd8 21. Qf5
Qe7 22. O-O g6 23. Qf4 1-0

[Event "M.Botvinnik Memorial 2012"]
[Site "St. Petersburg, Russia"]
[Date "2012.08.31"]
[Round "7.81"]
[White "Vardanian, Hamazasp"]
[Black "Shakirova, Renata"]
[Result "1-0"]
[WhiteElo "2153"]
[BlackElo "1722"]
[PlyCount "73"]
[EventDate "2012.08.25"]

1. f4 Nf6 2. Nf3 g6 3. g3 Bg7 4. Bg2 O-O 5. O-O d5 6. d3 c6 7. Qe1 Bf5 8. Nc3
Qb6+ 9. Kh1 d4 10. Nd1 Nd5 11. Bd2 Nd7 12. c3 dxc3 13. bxc3 N5f6 14. Nd4 Qa5
15. Nxf5 Qxf5 16. e4 Qb5 17. d4 Nb6 18. Ne3 Qd3 19. e5 Nfd5 20. Nxd5 Nxd5 21.
Be4 Qc4 22. Rf3 e6 23. g4 f5 24. gxf5 exf5 25. Bc2 Qa6 26. Bb3 Kh8 27. c4 Nb6
28. d5 Nxc4 29. d6 Rad8 30. Bc3 b5 31. Rd1 c5 32. Bxc4 bxc4 33. e6 Rxd6 34.
Bxg7+ Kxg7 35. Qe5+ Kg8 36. Rxd6 Qxa2 37. Rd7 1-0

[Event "M.Botvinnik Memorial 2012"]
[Site "St. Petersburg, Russia"]
[Date "2012.08.31"]
[Round "7.82"]
[White "Aminov, Andrey"]
[Black "Sorokina, Svetlana"]
[Result "1-0"]
[WhiteElo "2142"]
[BlackElo "1713"]
[PlyCount "109"]
[EventDate "2012.08.25"]

1. e4 e5 2. Nf3 Nc6 3. d4 exd4 4. Nxd4 Nf6 5. Nxc6 bxc6 6. Bd3 Be7 7. e5 Nd5 8.
Qg4 Bf8 9. O-O d6 10. Qe2 Qe7 11. Re1 dxe5 12. Qxe5 Qxe5 13. Rxe5+ Be6 14. a3
Bd6 15. Re1 O-O 16. Bd2 a5 17. Nc3 Be7 18. Ne4 h6 19. Bf1 a4 20. c4 Nb6 21.
Rac1 Rfb8 22. Be3 Nd7 23. Bd4 c5 24. Bc3 Nf8 25. f4 f5 26. Nf2 Kf7 27. Re3 Bf6
28. Nd3 Bd4 29. Bxd4 cxd4 30. Re5 Nd7 31. Rb5 c6 32. Rb4 c5 33. Rb5 Rc8 34. Be2
Ke7 35. Bf3 Ra7 36. Kf2 Kd6 37. Ke2 Rb8 38. Kd2 Rxb5 39. cxb5 c4 40. Nb4 Rc7
41. Bc6 Rc8 42. Nc2 d3 43. Nd4 Nc5 44. Re1 g6 45. Re5 Bf7 46. g3 Rb8 47. h4 Ne6
48. Rd5+ Ke7 49. Rd7+ Kf6 50. Rxf7+ Kxf7 51. Bd5 Rb6 52. Nxe6 Ke7 53. Bxc4 Kd6
54. Kxd3 h5 55. Kc3 1-0

[Event "M.Botvinnik Memorial 2012"]
[Site "St. Petersburg, Russia"]
[Date "2012.08.31"]
[Round "7.83"]
[White "Voronenkov, Sergey"]
[Black "Zizlova, Sofia"]
[Result "1/2-1/2"]
[WhiteElo "2012"]
[BlackElo "2135"]
[PlyCount "174"]
[EventDate "2012.08.25"]

1. e4 c5 2. Nf3 d6 3. d4 cxd4 4. Nxd4 Nf6 5. Nc3 a6 6. Be3 e5 7. Nb3 Be6 8. f3
Be7 9. Qd2 O-O 10. O-O-O Nbd7 11. g4 b5 12. h4 Nb6 13. Kb1 b4 14. Qf2 Nfd7 15.
Nd5 Bxd5 16. exd5 a5 17. g5 a4 18. Nc1 Ra5 19. f4 exf4 20. Bxf4 Nxd5 21. Bg2
Nxf4 22. Qxf4 Qb6 23. Rd4 Ne5 24. Rxb4 Rb5 25. Rxb5 Qxb5 26. Rd1 Nc4 27. b3
Na3+ 28. Kb2 Qc5 29. Qe4 Nb5 30. Ne2 Re8 31. Qc6 Qe5+ 32. Nd4 Rb8 33. Qe4 a3+
34. Kc1 Bxg5+ 35. hxg5 Qxg5+ 36. Rd2 Nc3 37. Qe1 Nxa2+ 38. Kb1 Nc3+ 39. Ka1 Qf6
40. Qe3 Rc8 41. Bh3 Nd5 42. Qe4 Qg5 43. Nf3 Qf6+ 44. Nd4 Nc3 45. Qe3 Nd5 46.
Qf3 Qg5 47. Qg4 Qxg4 48. Bxg4 Re8 49. Nb5 Re1+ 50. Ka2 Ne3 51. Bf3 g5 52. Nxd6
g4 53. Bd5 Kg7 54. b4 g3 55. b5 Rc1 56. Be4 g2 57. Bxg2 Nxc2 58. Be4 Ra1+ 59.
Kb3 Rb1+ 60. Kxc2 a2 61. Nf5+ Kf6 62. Rd6+ Ke5 63. Ra6 a1=Q 64. Rxa1 Rxa1 65.
Bd3 Kd5 66. Ne3+ Kc5 67. Bxh7 Kxb5 68. Kd3 Kc5 69. Ke4 Re1 70. Kf4 Kd6 71. Be4
Ra1 72. Kf5 Ke7 73. Nd5+ Kf8 74. Nf4 Rf1 75. Bg2 Rf2 76. Bd5 Kg7 77. Kg5 f6+
78. Kg4 Rf1 79. Bc4 Rc1 80. Bd3 Rg1+ 81. Kf5 Rg5+ 82. Ke4 Re5+ 83. Kf3 f5 84.
Nh5+ Kg6 85. Ng3 Rd5 86. Bxf5+ Rxf5+ 87. Nxf5 Kxf5 1/2-1/2

[Event "M.Botvinnik Memorial 2012"]
[Site "St. Petersburg, Russia"]
[Date "2012.08.31"]
[Round "7.85"]
[White "Radkov, Bazhen D"]
[Black "Pogosian, Vladimir"]
[Result "0-1"]
[WhiteElo "1805"]
[BlackElo "2150"]
[PlyCount "60"]
[EventDate "2012.08.25"]

1. d4 f5 2. Nf3 Nf6 3. g3 g6 4. Bg2 Bg7 5. O-O d6 6. c4 O-O 7. d5 Nbd7 8. Nd4
Nc5 9. Nc3 e5 10. dxe6 c6 11. Bf4 Nh5 12. Be3 Nxe6 13. Nxe6 Bxe6 14. Qd3 f4 15.
Bd4 Bh6 16. e4 c5 17. Rfd1 cxd4 18. Qxd4 Bg7 19. Qd3 Be5 20. b3 a6 21. Nd5 b5
22. cxb5 axb5 23. Rd2 Rb8 24. Rc1 Rf7 25. Rdc2 Bxd5 26. Qxd5 Kg7 27. Bh3 fxg3
28. hxg3 Qb6 29. Kg2 Rbf8 30. f4 Qe3 0-1

[Event "M.Botvinnik Memorial 2012"]
[Site "St. Petersburg, Russia"]
[Date "2012.08.31"]
[Round "7.86"]
[White "Pimenov, Revolt"]
[Black "Nikiforov, Vyacheslav"]
[Result "1-0"]
[WhiteElo "2186"]
[BlackElo "1880"]
[PlyCount "149"]
[EventDate "2012.08.25"]

1. d4 Nf6 2. Nc3 d5 3. Bg5 Bf5 4. e3 e6 5. Bd3 Bxd3 6. cxd3 Be7 7. Nf3 Nbd7 8.
e4 Nb6 9. O-O O-O 10. Rc1 c6 11. Qd2 h6 12. Bf4 Kh7 13. h3 Rc8 14. e5 Nfd7 15.
Nh2 Bg5 16. Bxg5 Qxg5 17. f4 Qe7 18. Rce1 g6 19. Ng4 h5 20. f5 exf5 21. Qh6+
Kg8 22. Ne3 Qe6 23. Ne2 Nxe5 24. Nf4 Qf6 25. dxe5 Qxe5 26. Nxh5 Qh8 27. Qxh8+
Kxh8 28. Nf4 Rce8 29. Nd1 Nd7 30. Kf2 Nc5 31. Rxe8 Rxe8 32. b4 Nd7 33. Re1 Rxe1
34. Kxe1 Kg7 35. Kd2 Kf6 36. Ke3 g5 37. Ne2 f4+ 38. Kd4 Ke6 39. Ng1 f5 40. Ne2
Ne5 41. Ng1 g4 42. h4 b6 43. h5 Kf6 44. h6 Nf7 45. h7 Kg7 46. Nc3 Kxh7 47. b5
cxb5 48. Nxd5 Kg6 49. Nxf4+ Kg5 50. g3 Kf6 51. Nge2 Ng5 52. Nc3 Nf3+ 53. Ke3
Nh2 54. Nxb5 a6 55. Nc7 Ke5 56. Nxa6 Nf1+ 57. Kf2 Nd2 58. Ke2 Nb1 59. Nb4 Nc3+
60. Ke3 Nd1+ 61. Ke2 Nc3+ 62. Kd2 Nb1+ 63. Kc2 Na3+ 64. Kb3 Nb5 65. a4 Nd4+ 66.
Kc4 Nf3 67. Nc6+ Kf6 68. d4 Nd2+ 69. Kd3 Ne4 70. Ne2 Kg5 71. Ke3 Nxg3 72. Nxg3
f4+ 73. Kf2 fxg3+ 74. Kxg3 Kf5 75. Nb4 1-0

[Event "M.Botvinnik Memorial 2012"]
[Site "St. Petersburg, Russia"]
[Date "2012.08.31"]
[Round "7.87"]
[White "Bogachkova, Alena"]
[Black "Popov, Alexei"]
[Result "1-0"]
[WhiteElo "2086"]
[BlackElo "1797"]
[PlyCount "115"]
[EventDate "2012.08.25"]

1. e4 e5 2. Nf3 Nc6 3. Bb5 a6 4. Ba4 Nf6 5. O-O b5 6. Bb3 Bc5 7. Nxe5 Nxe5 8.
d4 Bxd4 9. Qxd4 Nc6 10. Qd3 Qe7 11. Nc3 Bb7 12. Bg5 Ne5 13. Qe2 h6 14. Bh4 g5
15. Bg3 h5 16. h4 Nfg4 17. hxg5 Ng6 18. Bxc7 d6 19. Bb6 Qxg5 20. Qf3 N6e5 21.
Qh3 Bc8 22. f4 Qg7 23. fxe5 Nxe5 24. Qh4 Bg4 25. Nd5 Ng6 26. Qf6 Qxf6 27. Rxf6
O-O 28. Nc7 Kg7 29. Bd4 Ne5 30. Rxd6 Rae8 31. Nxe8+ Rxe8 32. Bxe5+ Rxe5 33. Rf1
Be6 34. Bxe6 fxe6 35. Re1 a5 36. Kf2 Rc5 37. c3 Kf6 38. Ke3 Rg5 39. Re2 Rc5 40.
Kd4 Rc4+ 41. Kd3 Rc5 42. e5+ Ke7 43. Ra6 Rd5+ 44. Ke4 a4 45. Ra7+ Ke8 46. g4
Rc5 47. gxh5 Rc4+ 48. Kd3 Rh4 49. Rg2 Rh3+ 50. Kd2 Kf8 51. Rgg7 Rh2+ 52. Kd3
Rh3+ 53. Kd4 Rh4+ 54. Kc5 Rxh5 55. Kd6 Rh2 56. Rh7 Rc2 57. Kxe6 Kg8 58. Rhd7
1-0

[Event "M.Botvinnik Memorial 2012"]
[Site "St. Petersburg, Russia"]
[Date "2012.08.31"]
[Round "7.89"]
[White "Molchanov, Alexander"]
[Black "Safronov, Kirill"]
[Result "1-0"]
[WhiteElo "1783"]
[BlackElo "2034"]
[PlyCount "139"]
[EventDate "2012.08.25"]

1. e4 e5 2. Nf3 d6 3. d4 exd4 4. Nxd4 Nf6 5. Nc3 Be7 6. Bf4 O-O 7. Qd2 c6 8.
O-O-O b5 9. f3 b4 10. Nb1 c5 11. Nb5 Qa5 12. Bxd6 Bxd6 13. Qxd6 a6 14. Nc7 Ra7
15. Nd5 Nxd5 16. exd5 Bf5 17. Bc4 Rd7 18. Qf4 Bg6 19. h4 f6 20. h5 Bf7 21. h6
Qb6 22. hxg7 Re8 23. Qh6 Bg6 24. d6+ Rf7 25. Bxf7+ Kxf7 26. d7 Rd8 27. Qf4 Kxg7
28. Rd6 Qc7 29. Qxf6+ Kg8 30. Rh6 Rxd7 31. Rxd7 Nxd7 32. Rxg6+ hxg6 33. Qxg6+
Kh8 34. Qe8+ Kg7 35. Qe7+ Kh8 36. g3 c4 37. c3 b3 38. axb3 cxb3 39. Qh4+ Kg8
40. Qg4+ Kf7 41. Qh5+ Ke7 42. Qg5+ Ke6 43. Nd2 Qb6 44. Qg4+ Ke7 45. Qe4+ Kd8
46. Qh4+ Ke8 47. Qh8+ Ke7 48. Qg7+ Ke8 49. Qd4 Qe6 50. Qe4 Qxe4 51. Nxe4 Ne5
52. Nc5 Nxf3 53. Nxa6 Kf7 54. Nc5 Kg6 55. Nxb3 Kg5 56. Nd4 Ne5 57. b4 Kg4 58.
Ne2 Kf3 59. Kd2 Nc4+ 60. Kd3 Nb2+ 61. Kd4 Kxe2 62. c4 Nd3 63. b5 Nb4 64. c5
Nc2+ 65. Kd5 Kd3 66. c6 Ne3+ 67. Kd6 Kd4 68. c7 Nc4+ 69. Kc6 Ne5+ 70. Kb7 1-0

[Event "M.Botvinnik Memorial 2012"]
[Site "St. Petersburg, Russia"]
[Date "2012.08.31"]
[Round "7.90"]
[White "Mikhailov, Ivan"]
[Black "Rybakova, Polina"]
[Result "1-0"]
[WhiteElo "2026"]
[BlackElo "1781"]
[PlyCount "61"]
[EventDate "2012.08.25"]

1. d4 Nf6 2. c4 g6 3. Nc3 Bg7 4. e4 d6 5. Be2 O-O 6. Bg5 Na6 7. Qd2 Re8 8. f4
c6 9. Nf3 Nc7 10. O-O Ne6 11. Bh4 Nh5 12. f5 Nc7 13. Rad1 Nf6 14. fxg6 fxg6 15.
Qc1 Bd7 16. h3 Rf8 17. e5 dxe5 18. dxe5 Nh5 19. c5 Qe8 20. Ng5 Rxf1+ 21. Rxf1
Bxe5 22. Bxh5 gxh5 23. Qe3 Bf6 24. Qd3 Bxg5 25. Bxg5 Ne6 26. Bh4 Nxc5 27. Qe3
Ne6 28. Rf3 Qb8 29. Rg3+ Kh8 30. Bxe7 Ng7 31. Bf6 1-0

[Event "M.Botvinnik Memorial 2012"]
[Site "St. Petersburg, Russia"]
[Date "2012.08.31"]
[Round "7.91"]
[White "Ladzin, Ivan"]
[Black "Bykova, Anastasia"]
[Result "0-1"]
[WhiteElo "1791"]
[BlackElo "2013"]
[PlyCount "144"]
[EventDate "2012.08.25"]

1. d4 d5 2. Bg5 h6 3. Bh4 c6 4. e3 Qb6 5. Qc1 Bf5 6. c4 e6 7. Nc3 Be7 8. Nf3
Nd7 9. Be2 Bxh4 10. Nxh4 Bh7 11. a3 Ngf6 12. b4 O-O 13. Nf3 Rac8 14. O-O Qd8
15. Re1 Qe7 16. Qd1 dxc4 17. Bxc4 a5 18. bxa5 Ra8 19. Qb3 Rfb8 20. Qb4 Qd8 21.
e4 Qxa5 22. e5 Ne8 23. Nd2 Qd8 24. Nde4 Nb6 25. Bb3 Ra7 26. Nc5 Nd5 27. Bxd5
cxd5 28. Nb5 Raa8 29. Re3 Nc7 30. Nxc7 Qxc7 31. Rc3 Qe7 32. Rac1 Bf5 33. Qb5
Qe8 34. Qxe8+ Rxe8 35. Nxb7 Ra4 36. Nd6 Rea8 37. Nb5 R8a5 38. Rb3 Rc4 39. Rxc4
dxc4 40. Rb4 c3 41. Nxc3 Rxa3 42. g4 Bxg4 43. Nb5 Rd3 44. Rb1 Bh3 45. Rc1 g5
46. Kh1 Rd2 47. Kg1 Kg7 48. Re1 Kg6 49. Rc1 Kg7 50. Re1 h5 51. Rc1 Kg6 52. Re1
Kg7 53. Rc1 Kf8 54. Re1 Rd3 55. Rc1 Kg7 56. Rb1 Kg6 57. Re1 h4 58. Rb1 Kf5 59.
Re1 Kg6 60. Rb1 Bg4 61. Re1 Bf3 62. Rc1 Rb3 63. Nc3 Rb4 64. Re1 Rxd4 65. h3 Rd3
66. Nb1 Bd5 67. Kh2 Ba2 68. Kg2 Kf5 69. Kh2 Bxb1 70. Rxb1 Kxe5 71. Re1+ Kf4 72.
Kg2 e5 0-1

[Event "M.Botvinnik Memorial 2012"]
[Site "St. Petersburg, Russia"]
[Date "2012.08.31"]
[Round "7.92"]
[White "Lyazhkov, Sergey"]
[Black "Dushin, Nikolay"]
[Result "0-1"]
[WhiteElo "1769"]
[BlackElo "1998"]
[PlyCount "86"]
[EventDate "2012.08.25"]

1. e4 c5 2. Nf3 a6 3. c3 d5 4. exd5 Qxd5 5. d4 Nc6 6. dxc5 Qxd1+ 7. Kxd1 Bg4 8.
Be2 Rd8+ 9. Ke1 e5 10. Be3 Nf6 11. h3 Bf5 12. Nbd2 Nd5 13. Nc4 f6 14. Rd1 Be6
15. Nd6+ Bxd6 16. cxd6 Nxe3 17. fxe3 Bxa2 18. Kf2 Bb3 19. Rd2 Nb8 20. Nh4 g6
21. e4 Nd7 22. Ra1 Nc5 23. Ke3 Kd7 24. Rf1 Rhf8 25. g4 Ne6 26. Bd1 Bc4 27. Rff2
Nf4 28. b3 Be6 29. c4 Kc6 30. Rh2 Rxd6 31. Rxd6+ Kxd6 32. Nf3 h6 33. Rd2+ Kc7
34. Ne1 Rd8 35. Rxd8 Kxd8 36. h4 a5 37. g5 hxg5 38. hxg5 Ke7 39. Nf3 Bg4 40.
gxf6+ Kxf6 41. Bc2 Ng2+ 42. Kf2 Bxf3 43. Kg3 g5 0-1

[Event "M.Botvinnik Memorial 2012"]
[Site "St. Petersburg, Russia"]
[Date "2012.08.31"]
[Round "7.93"]
[White "Chuprova, Irina"]
[Black "Petrochenko, Maria"]
[Result "0-1"]
[WhiteElo "1972"]
[BlackElo "1694"]
[PlyCount "76"]
[EventDate "2012.08.25"]

1. e4 c5 2. Nf3 Nc6 3. d4 cxd4 4. Nxd4 g6 5. c4 Nf6 6. Nc3 Nxd4 7. Qxd4 d6 8.
Be3 Bg7 9. Be2 O-O 10. Qd2 a5 11. b3 Nxe4 12. Nxe4 Bxa1 13. Bh6 Bg7 14. O-O b6
15. h4 Bb7 16. Bxg7 Kxg7 17. h5 Bxe4 18. h6+ Kg8 19. Qd4 e5 20. Qxe4 Qg5 21. f4
exf4 22. Rxf4 Rae8 23. Qd4 Qxh6 24. Bf1 Qg5 25. Qxd6 Rd8 26. Qf6 Qxf6 27. Rxf6
Rb8 28. Kf2 Kg7 29. Rc6 Rfc8 30. Rd6 Rd8 31. Rd5 Rxd5 32. cxd5 Kf6 33. a4 Ke5
34. Bc4 f5 35. Kg3 g5 36. Kf3 h5 37. Bd3 Rc8 38. Bc4 Rd8 0-1

[Event "M.Botvinnik Memorial 2012"]
[Site "St. Petersburg, Russia"]
[Date "2012.08.31"]
[Round "7.94"]
[White "Shemenko, Georgy"]
[Black "Chernyak, Viktoria"]
[Result "0-1"]
[WhiteElo "1746"]
[BlackElo "1933"]
[PlyCount "98"]
[EventDate "2012.08.25"]

1. e4 c5 2. Nf3 e6 3. d3 d6 4. Nbd2 Nf6 5. g3 Be7 6. Bg2 Nc6 7. O-O O-O 8. Re1
e5 9. Nf1 Rb8 10. Ne3 b5 11. h4 Bd7 12. Nh2 Kh8 13. g4 Nd4 14. c3 Ne6 15. g5
Ng8 16. Nf5 g6 17. Nxe7 Qxe7 18. Nf3 Ng7 19. d4 Bg4 20. Be3 f5 21. exf5 Rxf5
22. dxc5 dxc5 23. Qd5 e4 24. Bxc5 Rxd5 25. Bxe7 exf3 26. Bf1 Nxe7 27. Rxe7 Rd7
28. Re5 a6 29. Re4 Bf5 30. Rf4 Rbd8 31. Rxf3 Rd1 32. Rxd1 Rxd1 33. Kg2 Be4 34.
Be2 Bxf3+ 35. Bxf3 Rd2 36. Bb7 a5 37. b4 axb4 38. cxb4 Rxa2 39. Bc6 Nf5 40.
Bxb5 Rb2 41. Bd7 Nxh4+ 42. Kh3 Rxb4 43. Bg4 Nf5 44. Bxf5 gxf5 45. Kg3 Kg7 46.
f4 Kg6 47. Kf3 h6 48. gxh6 Rb3+ 49. Kf2 Kxh6 0-1

[Event "M.Botvinnik Memorial 2012"]
[Site "St. Petersburg, Russia"]
[Date "2012.08.31"]
[Round "7.95"]
[White "Andreeva, Yulia"]
[Black "Klimshin, Ilia"]
[Result "1-0"]
[WhiteElo "1928"]
[BlackElo "1678"]
[PlyCount "61"]
[EventDate "2012.08.25"]

1. d4 d5 2. c4 e6 3. Nc3 c5 4. cxd5 exd5 5. g3 c4 6. Bg2 Be6 7. e4 Ne7 8. e5 a6
9. Nge2 b5 10. O-O Nbc6 11. Bg5 h6 12. Bc1 g6 13. h3 Bg7 14. Be3 O-O 15. f4 Kh7
16. g4 Rg8 17. Ng3 Bh8 18. Qf3 b4 19. Na4 Bc8 20. Kh2 Rb8 21. f5 gxf5 22. Nxf5
Nxf5 23. gxf5 Bb7 24. Qh5 Qf8 25. f6 Na5 26. Qf5+ Rg6 27. Bf3 Bc8 28. Qb1 Kg8
29. Bh5 Qe8 30. Bxg6 fxg6 31. f7+ 1-0

[Event "M.Botvinnik Memorial 2012"]
[Site "St. Petersburg, Russia"]
[Date "2012.08.31"]
[Round "7.99"]
[White "Egorov, Daniil"]
[Black "Potyavin, Igor"]
[Result "0-1"]
[WhiteElo "1824"]
[BlackElo "2053"]
[PlyCount "88"]
[EventDate "2012.08.25"]

1. e4 c5 2. Nf3 d6 3. d4 cxd4 4. Nxd4 Nf6 5. Nc3 e6 6. Be3 Be7 7. f3 a6 8. Qd2
Nc6 9. Be2 Qc7 10. Rd1 Nxd4 11. Bxd4 e5 12. Be3 Be6 13. O-O O-O 14. f4 b5 15.
f5 Bc4 16. Bxc4 Qxc4 17. Nd5 Bd8 18. Nxf6+ Bxf6 19. Bg5 Bxg5 20. Qxg5 f6 21.
Qd2 Qxe4 22. Qxd6 Qxc2 23. Rd2 Qc8 24. Qd5+ Kh8 25. Rfd1 h6 26. Qe4 Ra7 27. Rd6
Rc7 28. Qd3 Rc1 29. g4 Rc2 30. Rd2 Rxd2 31. Qxd2 Qc4 32. h3 Qxa2 33. Rd8 Rxd8
34. Qxd8+ Kh7 35. Qe8 Qa1+ 36. Kh2 Qxb2+ 37. Kh1 Qc1+ 38. Kh2 Qg5 39. Kg3 h5
40. Qb8 h4+ 41. Kf3 Qf4+ 42. Ke2 Qh2+ 43. Ke1 Qxh3 44. g5 Qxf5 0-1

[Event "M.Botvinnik Memorial 2012"]
[Site "St. Petersburg, Russia"]
[Date "2012.08.31"]
[Round "7.100"]
[White "Yakovlev, Yuri S"]
[Black "Dyakov, Vladislav"]
[Result "1-0"]
[WhiteElo "2035"]
[BlackElo "1855"]
[PlyCount "57"]
[EventDate "2012.08.25"]

1. e4 c5 2. Nf3 d6 3. c4 e5 4. h3 f5 5. d3 Nf6 6. Nc3 Be7 7. exf5 Bxf5 8. g4
Bd7 9. g5 Ng8 10. Bg2 Nc6 11. Be3 Be6 12. Nd2 Qd7 13. Bd5 O-O-O 14. Bxe6 Qxe6
15. Nd5 Nd4 16. Ne4 Bf8 17. Bxd4 exd4 18. Qg4 Qxg4 19. hxg4 Ne7 20. Nf4 Kd7 21.
Kd2 h6 22. b4 b6 23. b5 g6 24. Nf6+ Kc8 25. Ne6 Bg7 26. Nxg7 Rdf8 27. Rae1 Rf7
28. Nge8 Kb8 29. Nxd6 1-0

[Event "M.Botvinnik Memorial 2012"]
[Site "St. Petersburg, Russia"]
[Date "2012.08.31"]
[Round "7.101"]
[White "Bezulenko, Evgeny"]
[Black "Aleksandrov, Grigoriy"]
[Result "0-1"]
[WhiteElo "1915"]
[BlackElo "1845"]
[PlyCount "130"]
[EventDate "2012.08.25"]

1. f4 d5 2. Nf3 Nf6 3. e3 Bf5 4. b3 e6 5. Bb2 Be7 6. Bd3 Bxd3 7. cxd3 Nbd7 8.
O-O c6 9. d4 O-O 10. d3 Qb6 11. Nc3 c5 12. Na4 Qb5 13. Ne5 Nxe5 14. fxe5 Nd7
15. Rf3 cxd4 16. Bxd4 f6 17. exf6 Bxf6 18. Bxf6 Nxf6 19. Rc1 Rac8 20. Rc2 Rc6
21. Nc3 Qa5 22. Ne2 e5 23. Rxc6 bxc6 24. Ng3 e4 25. dxe4 dxe4 26. Rf2 Rd8 27.
Qc1 Qb6 28. Nf5 Qc7 29. Nd4 Rc8 30. Qc4+ Kh8 31. Ne6 Qe5 32. Nd4 Ng4 33. Rf4
Nxe3 34. Qxc6 Re8 35. Ne2 Nd5 36. Rf5 Qa1+ 37. Nc1 Qd4+ 38. Rf2 Rg8 39. Qc4 Qe5
40. Qc5 e3 41. Rf3 Qe4 42. Ne2 Qd3 43. Qc4 Qd2 44. Nd4 Qd1+ 45. Rf1 e2 46. Nxe2
Qxf1+ 47. Kxf1 Ne3+ 48. Kf2 Nxc4 49. bxc4 Rc8 50. Ke3 Rxc4 51. Kd3 Rc6 52. Kd4
Ra6 53. Nc3 Rg6 54. g3 Kg8 55. Kc5 Kf7 56. Nb5 Ra6 57. a3 Ke7 58. Kb4 Kd7 59.
a4 Rb6 60. a5 Rb7 61. Kc5 a6 62. Nd4 Rb2 63. h3 g6 64. Nf3 Rb5+ 65. Kc4 Rxa5
0-1

[Event "M.Botvinnik Memorial 2012"]
[Site "St. Petersburg, Russia"]
[Date "2012.08.31"]
[Round "7.102"]
[White "Kokhnover, Ilya"]
[Black "Zakharov, Yuri"]
[Result "0-1"]
[WhiteElo "1743"]
[BlackElo "1907"]
[PlyCount "134"]
[EventDate "2012.08.25"]

1. e4 d6 2. d4 Nf6 3. Nc3 g6 4. f4 Bg7 5. Nf3 c5 6. dxc5 Qa5 7. e5 dxe5 8. Nxe5
Qxc5 9. Nd3 Qb6 10. Be2 Nc6 11. Bd2 Nd4 12. Bf3 O-O 13. h3 Rd8 14. g4 Bd7 15.
Rf1 Nxf3+ 16. Qxf3 Bc6 17. Qe3 Qxe3+ 18. Bxe3 Bg2 19. Rg1 Bc6 20. O-O-O Nd5 21.
Nxd5 Rxd5 22. Nb4 Rb5 23. c3 Be4 24. Nc2 Ra5 25. a3 e6 26. Bd4 Bf8 27. Rge1 f5
28. g5 Bd6 29. Be3 Rd8 30. Rd2 Kf7 31. Rf1 Bc7 32. Rxd8 Bxd8 33. h4 Ra6 34. Rd1
Ke8 35. Nb4 Ra4 36. Rd6 a5 37. Nc2 Bd5 38. Rxd5 exd5 39. Bd4 Rc4 40. Ne3 Rc6
41. Nxd5 a4 42. Kc2 Rd6 43. Nb4 Bc7 44. Nd3 Re6 45. Kd2 Re4 46. Be3 Bd6 47. Ke2
Kd7 48. Kf3 Kc6 49. Bd4 Kd5 50. Be3 Kc4 51. Nf2 Rxe3+ 52. Kxe3 Bc5+ 53. Ke2
Bxf2 54. Kxf2 Kb3 55. Ke3 Kxb2 56. Kd4 Kxa3 57. Ke5 Kb3 58. Kf6 a3 59. Kg7 a2
60. Kxh7 a1=Q 61. Kxg6 Qxc3 62. h5 Qh8 63. h6 Kc4 64. h7 Qf8 65. Kh5 Kd4 66. g6
Ke4 67. Kg5 Qg7 0-1

[Event "M.Botvinnik Memorial 2012"]
[Site "St. Petersburg, Russia"]
[Date "2012.08.31"]
[Round "7.103"]
[White "Kozlov, Mikhail"]
[Black "Fokin, Anatoly"]
[Result "1-0"]
[WhiteElo "1872"]
[BlackElo "1803"]
[PlyCount "89"]
[EventDate "2012.08.25"]

1. g3 e5 2. Bg2 d5 3. d3 Nf6 4. Nf3 Bd6 5. Nc3 c6 6. e4 d4 7. Ne2 Be6 8. O-O h6
9. Nh4 g5 10. Nf5 Bxf5 11. exf5 Qd7 12. f4 gxf4 13. gxf4 Qc7 14. Ng3 Nbd7 15.
Ne4 Nxe4 16. dxe4 exf4 17. Kh1 c5 18. b4 O-O-O 19. bxc5 Nxc5 20. Rb1 Be5 21.
Ba3 Qc6 22. Qe2 a6 23. Qc4 Nd7 24. Qxc6+ bxc6 25. Rf3 Kc7 26. Bb4 Rb8 27. Bf1
c5 28. Ba5+ Kc6 29. Rfb3 Rxb3 30. Rxb3 Ra8 31. Kg2 Bd6 32. Bc4 Nf6 33. Rb6+ Kd7
34. Kf3 Ke7 35. Rb7+ Nd7 36. Bxf7 Rb8 37. Ra7 Kxf7 38. Rxd7+ Be7 39. e5 Ke8 40.
Ra7 c4 41. Kxf4 Rc8 42. f6 Bd8 43. Bxd8 Rxd8 44. e6 d3 45. f7+ 1-0

[Event "M.Botvinnik Memorial 2012"]
[Site "St. Petersburg, Russia"]
[Date "2012.08.31"]
[Round "7.104"]
[White "Glazov, Anatoly"]
[Black "Toporkova, Sofia"]
[Result "1/2-1/2"]
[WhiteElo "1856"]
[BlackElo "1729"]
[PlyCount "138"]
[EventDate "2012.08.25"]

1. Nf3 d5 2. c4 c6 3. e3 g6 4. d4 Nf6 5. Nc3 Bf5 6. cxd5 cxd5 7. Bb5+ Nbd7 8.
Ne5 a6 9. Ba4 b5 10. Bb3 Nb6 11. O-O Bg7 12. f3 O-O 13. Qe2 b4 14. Na4 Nxa4 15.
Bxa4 a5 16. Bd2 Bd7 17. Bxd7 Nxd7 18. Nc6 Qe8 19. Rfc1 Nb8 20. Qb5 e6 21. Rc5
Nxc6 22. Rxc6 Qb8 23. Rb6 Qe8 24. Qc5 Qd7 25. Rc1 Rfc8 26. Rc6 Rxc6 27. Qxc6
Qxc6 28. Rxc6 Bf8 29. Kf2 Kg7 30. Ke2 Kf6 31. e4 Ke7 32. Bf4 Ra7 33. Kd3 Kd7
34. Rb6 f5 35. Rb8 Bd6 36. Rh8 dxe4+ 37. fxe4 fxe4+ 38. Kxe4 Kc6 39. Be5 b3 40.
axb3 Rb7 41. Rc8+ Kd7 42. Ra8 Bb4 43. Ra6 Be1 44. g4 Rxb3 45. Ra7+ Ke8 46. Rxh7
Rxb2 47. Bd6 Bb4 48. Re7+ Kd8 49. Bxb4 axb4 50. Rb7 Re2+ 51. Kf4 Rxh2 52. Rxb4
Ke7 53. Rb7+ Kd6 54. Rg7 Kd5 55. Rxg6 Re2 56. Kf3 Re1 57. Kf2 Re4 58. Kf3 Rxd4
59. g5 e5 60. Rf6 Rh4 61. g6 e4+ 62. Kg3 Rh8 63. Kf4 Rg8 64. Kf5 e3 65. Rf7 Kd4
66. Rd7+ Kc3 67. Kf6 e2 68. Re7 Kd2 69. Kf7 Rxg6 1/2-1/2

[Event "M.Botvinnik Memorial 2012"]
[Site "St. Petersburg, Russia"]
[Date "2012.08.31"]
[Round "7.105"]
[White "Klimentiev, Sergey"]
[Black "Veelenturf, Wim"]
[Result "0-1"]
[WhiteElo "1896"]
[BlackElo "1690"]
[PlyCount "116"]
[EventDate "2012.08.25"]

1. d4 c6 2. c4 d5 3. e3 Nf6 4. Nd2 Bf5 5. Ngf3 e6 6. Qb3 Qc7 7. Nh4 Bg6 8. Nxg6
hxg6 9. g3 Nbd7 10. cxd5 exd5 11. Nf3 Bd6 12. Bg2 O-O 13. Ng5 Nh7 14. h4 Rae8
15. Bd2 Ndf6 16. O-O-O Qb6 17. Qd3 a5 18. f4 Qb5 19. Qc2 Qc4 20. Qxc4 dxc4 21.
Bf3 Nh5 22. g4 N5f6 23. Rde1 Bb4 24. a3 Bxd2+ 25. Kxd2 Nxg5 26. hxg5 Ne4+ 27.
Kc2 f5 28. gxf6 Rxf6 29. Rh2 Kf7 30. Reh1 Ng3 31. Rg1 Ne4 32. Re2 b5 33. g5
Rfe6 34. Bxe4 Rxe4 35. Kd2 Rd8 36. Kc3 Rde8 37. Rge1 Ke6 38. a4 Kd5 39. axb5
cxb5 40. Kd2 Ra8 41. Rf2 Ke6 42. Ref1 Kf5 43. Rc1 Rc8 44. b3 c3+ 45. Kd3 b4 46.
Ra2 Ra8 47. Rca1 Ree8 48. Rxa5+ Rxa5 49. Rxa5+ Kg4 50. Rc5 Kf3 51. Re5 Rc8 52.
Kc2 Rh8 53. Kd3 Rh1 54. Rc5 Rd1+ 55. Kc4 c2 56. Kxb4 c1=Q 57. Rxc1 Rxc1 58. d5
Kxe3 0-1